Európa sa nemá čím pochváliť
Automobilový trh EÚ zaznamenal v roku 2010 prepad o 5,5 percenta, pokles dopytu potrvá aj v tomto roku. Registrácie nových osobných automobilov v Európe. Pre udržateľný automobilizmus.
Enregistré dans:
| Auteur principal: | |
|---|---|
| Format: | Chapitre de livre |
| Langue: | slovaque |
| Sujets: | |
| Tags: |
Pas de tags, Soyez le premier à ajouter un tag!
|
MARC
| LEADER | 00000naa a2200000 4500 | ||
|---|---|---|---|
| 001 | 0128220 | ||
| 005 | 20231113072729.2 | ||
| 041 | 0 | |a slo | |
| 044 | |a SK | ||
| 245 | 1 | 0 | |a Európa sa nemá čím pochváliť |c Kristian Slovák |
| 520 | |a Automobilový trh EÚ zaznamenal v roku 2010 prepad o 5,5 percenta, pokles dopytu potrvá aj v tomto roku. Registrácie nových osobných automobilov v Európe. Pre udržateľný automobilizmus. | ||
| 610 | 2 | 0 | |a automobilizmus |
| 610 | 2 | 0 | |a automobily |
| 610 | 2 | 0 | |a trh |
| 610 | 2 | 0 | |a Európa |
| 100 | 1 | |a Slovák, Kristian | |